සද ගංගාවේ පාවෙන නිවස : විශාල අං ඇති කළු බැටළුවා / වැන්ග් යිමෙයි.

Saved in:
Bibliographic Details
Main Author: යිමෙයි, වැන්ග්
Format: Book
Language:Sinhalese
Published: මීරිගම: නෙප්චූන් පබ්ලිකේශන්ස් , 2024
Subjects:
Tags: Add Tag
No Tags, Be the first to tag this record!

MARC

LEADER 00000nam a22000007a 4500
008 241118b |||||||| |||| 00| 0sin d
020 |a 9786245519989 
041 |h sin 
082 |a 891.483  |b යිමෙයි 
100 |a යිමෙයි, වැන්ග් 
245 |a සද ගංගාවේ පාවෙන නිවස : විශාල අං ඇති කළු බැටළුවා / වැන්ග් යිමෙයි. 
246 |a sanda gangawe pawena niwasa : vishala an athi kalu bataluwa / yang mei 
260 |a මීරිගම:  |b නෙප්චූන් පබ්ලිකේශන්ස් ,  |c 2024 
300 |a පි.167:  |b චිත්‍ර;  |c සෙ.මි.21 
650 |a සිංහල සාහිත්‍යය 
700 |e පරි 
999 |c 12966  |d 12966